[Event "ChInt Open"]
[Site "Paris FRA"]
[Date "2008.07.04"]
[Round "7"]
[White "Rozentalis,E"]
[Black "Payen,Ar"]
[Result "1/2-1/2"]
[WhiteElo "2582"]
[BlackElo "2372"]

1.e4 g6 2.d4 Bg7 3.Nc3 c5 4.dxc5 Bxc3+ 5.bxc3 Qa5 6.Qd4 Nf6 7.Qb4 Qc7 8.Bb5 Nc6
9.Bxc6 Qxc6 10.f3 b6 11.Ba3 Ba6 12.Rd1 O-O 13.Ne2 bxc5 14.Qxc5 Qa4 15.Qb4 Qc6
16.Nd4 Qc7 17.Qa4 Bc4 18.Bxe7 Nxe4 19.fxe4 Rfe8 20.Qb4 Qf4 21.Qxc4 Rxe7 22.Ne2 Rxe4
23.Qd3 Rae8 24.Rd2 Re3 25.Qd5 Rb8 26.g3 Qf6 27.Rg1 Rb1+ 28.Rd1 Rb2 29.Rf1 Qxc3+
30.Kf2 Qxc2 31.Kg1 Re6 32.Qxd7 Qc5+ 33.Kh1 Re7 34.Qd8+ Kg7 35.Qd4+ Qxd4 36.Nxd4 Rxa2
37.Ra1 Rb2 38.Kg1 Rd7 39.Nf3 Rbb7 40.Rf2 Re7 41.Kg2 h5 42.Ra5 Rbd7 43.Rfa2 Kf6
44.R5a4 Kg7 45.Nd4 Re4 46.Nc6 Rxa4 47.Rxa4 Rd2+ 48.Kf3 Rxh2 49.Rxa7 g5 50.Ne5 Kf6
51.Nd7+ Kg7 52.Ne5 Kf6 53.Nxf7 g4+ 54.Ke4 Re2+ 55.Kd4 Rd2+  1/2-1/2

[Event "ch-BEL"]
[Site "Eupen BEL"]
[Date "2008.07.05"]
[Round "1"]
[White "Laurent,B"]
[Black "Denayer,E"]
[Result "1-0"]
[WhiteElo "2339"]
[BlackElo "2265"]

1.e4 g6 2.d4 Bg7 3.Nc3 c5 4.d5 d6 5.f4 Nh6 6.Nf3 Bg4 7.h3 Bxf3 8.Qxf3 Nd7
9.g4 f6 10.h4 Nf7 11.h5 a6 12.hxg6 hxg6 13.Bd3 c4 14.Bxc4 Qc7 15.Rxh8+ Bxh8
16.Bd3 O-O-O 17.Bd2 g5 18.f5 Nde5 19.Qg2 Bg7 20.Be2 Rh8 21.O-O-O Nc4 22.Bxc4 Qxc4
23.Rh1 Rxh1+ 24.Qxh1 Ne5 25.Qg1 Kd7 26.a3 Ke8 27.b3 Qc8 28.Kb2 Kf7 29.Ne2 Qh8
30.Bc3 Nf3 31.Qg2 Nh4 32.Qh3 Qe8 33.Nd4 Qc8 34.Ne6 Qd7 35.Qe3 Ng2 36.Qd2 Nf4
37.Qh2  1-0

[Event "7th Open"]
[Site "La Fere FRA"]
[Date "2008.07.10"]
[Round "7"]
[White "Rouffignac,T"]
[Black "Soyez,C"]
[Result "0-1"]
[WhiteElo "1640"]
[BlackElo "2254"]

1.e4 g6 2.d4 Bg7 3.Nc3 d5 4.Be3 dxe4 5.Nxe4 Nf6 6.Nxf6+ Bxf6 7.Qd2 c5 8.O-O-O cxd4
9.Bxd4 Bxd4 10.Bb5+ Nc6 11.Bxc6+ bxc6 12.Qxd4 Qxd4 13.Rxd4 c5 14.Rd2 Bb7
15.f3 Rd8 16.Ne2 Rxd2 17.Kxd2 e5 18.Re1 Kd7 19.Nc3 f6 20.Ne4 Bxe4 21.Rxe4 Kc6
22.Kc3 Rd8 23.a3 h5 24.Ra4 Kb6 25.Re4 g5 26.g3 Rd1 27.f4 exf4 28.gxf4 g4
29.Re6+ Kb5 30.b4 cxb4+ 31.axb4 Rf1 32.Rxf6 Rf3+ 33.Kd4 Kxb4 34.Rf8 Rf2 35.f5 Rxh2
36.f6 Rf2 37.f7 Ka4 38.c4 g3 39.Rg8 h4 40.f8=Q Rxf8 41.Rxf8 g2 42.Rg8 h3
43.c5 h2 44.Rxg2 h1=Q 45.Rd2 Kb5 46.Rb2+ Kc6 47.Ra2 Qd5+  0-1

[Event "Heart of Finland"]
[Site "Jyvaskyla FIN"]
[Date "2008.07.12"]
[Round "1"]
[White "Ailasmaa,K"]
[Black "Rehn,R"]
[Result "0-1"]
[WhiteElo "1841"]
[BlackElo "2157"]

1.e4 g6 2.d4 Bg7 3.Nc3 c5 4.Nf3 cxd4 5.Nxd4 Nc6 6.Be3 Qa5 7.Qd2 a6 8.Nb3 Bxc3
9.bxc3 Qc7 10.Bd3 d6 11.O-O Bd7 12.f4 Nf6 13.Kh1 Rc8 14.c4 Be6 15.c5 d5 16.e5 Ne4
17.Bxe4 dxe4 18.Qf2 h5 19.h4 Rd8 20.Rad1 O-O 21.Rxd8 Rxd8 22.Nd2 Bf5 23.a3 Qd7
24.Nc4 Qd5 25.Nd2 Qa2 26.c4 Qc2 27.Qe1 Rd3 28.Rf2 Qc3 29.Re2 Qxa3 30.Nb1 Qb3
31.Nd2 Qc3 32.Bg1 Bg4 33.Nb1 Qxc4 34.Rxe4 Qb3 35.Re3 Rxe3 36.Bxe3 Bf5 37.Nd2 Qd3
38.Nf3 a5 39.Qd2 Qf1+ 40.Kh2 Qc4 41.Nd4 Nxd4 42.Qxd4 Qxd4 43.Bxd4 Kf8 44.Kg3 Ke8
45.Bc3 a4 46.Kf3 Kd7 47.Ke3 Kc6 48.Kd4 Kb5 49.g3 a3 50.Ba1 Kb4 51.Kd5 Be6+
52.Kd4 Kb3 53.Kd3 Ka2 54.Bd4 Kb1 55.Kc3 a2 56.Kb4 a1=Q 57.Bxa1 Kxa1 58.Kb5 Bd5
59.Kb6 Kb2 60.Kc7 Kc3 61.Kd7 Kd4 62.Kxe7 Kxc5 63.f5 gxf5 64.Kf6 b5 65.Kg5 Bf3
66.Kxf5 b4 67.Kf6 Bd5  0-1

[Event "XIII Open"]
[Site "Balaguer ESP"]
[Date "2008.07.19"]
[Round "6"]
[White "Van Riemsdijk,H"]
[Black "Gabarro Sole,R"]
[Result "1/2-1/2"]
[WhiteElo "2398"]
[BlackElo "2113"]

1.e4 g6 2.d4 Bg7 3.Nc3 d5 4.exd5 Nf6 5.Bb5+ Nbd7 6.Nf3 O-O 7.O-O Nb6 8.Re1 Nbxd5
9.Nxd5 Nxd5 10.Bg5 h6 11.Bh4 c6 12.Bc4 Be6 13.Ne5 Bxe5 14.Rxe5 Kg7 15.Qd2 Qd7
16.Rae1 Rfe8 17.a4 Nc7 18.Bf1 f6 19.R5e3 Rad8 20.Bg3 Bf7 21.c4 e5 22.Rb3 b5
23.axb5 cxb5 24.Qa5 exd4 25.Rd1 Re7 26.Bxc7 Qxc7 27.Rxb5 Qxa5 28.Rxa5 d3
29.b3 Rb7 30.Rxd3 Rxd3 31.Bxd3 Rxb3 32.Bf1 Rb1 33.Rxa7 Kf8 34.Rc7 Rc1 35.g3 Be6
36.Kg2 Bd5+ 37.f3 Rc2+ 38.Kg1 Bxf3 39.Bd3 Rg2+ 40.Kf1 g5 41.Bg6 Rxh2 42.Rf7+ Kg8
43.Rxf6 g4 44.Bf5 Kg7 45.Rg6+ Kf7 46.Rb6 Be2+ 47.Kg1 Rh3 48.Kg2 h5 49.c5 Bf3+
50.Kf2 h4 51.gxh4 Rxh4 52.c6 Bxc6 53.Rxc6 Rh3 54.Bxg4 Ra3 55.Bf3 Ke7 56.Kg3 Ra4
57.Be2 Rd4 58.Kf3 Rh4 59.Ke3 Rb4 60.Bd3 Rb3 61.Kd4 Ra3 62.Be4 Ra1 63.Ke5 Kd7
64.Rh6 Kc7 65.Bd5 Re1+ 66.Kd4 Rc1 67.Bf3 Ra1 68.Ke5 Ra5+ 69.Bd5 Ra1 70.Rh7+ Kb6
71.Rb7+ Kc5 72.Rc7+ Kb4 73.Rc4+ Kb3 74.Kd4 Rd1+ 75.Kc5 Kb2 76.Rb4+ Kc3 77.Rb3+ Kd2
78.Bf3 Ra1 79.Bc6 Rc1+ 80.Kd5 Ra1 81.Kd4 Rd1 82.Rb2+ Kc1+ 83.Kc3 Rd3+  1/2-1/2

[Event "XXVI Andorra Open"]
[Site "La Massana AND"]
[Date "2008.07.19"]
[Round "1"]
[White "Fuentes Arjona,A"]
[Black "Arizmendi Martinez,J"]
[Result "0-1"]
[WhiteElo "2042"]
[BlackElo "2524"]

1.e4 g6 2.d4 Bg7 3.Nc3 a6 4.Be2 b5 5.a3 Bb7 6.g4 d6 7.Be3 Nd7 8.Nh3 c5 9.f3 h5
10.g5 e6 11.Rg1 Ne7 12.Nf4 cxd4 13.Bxd4 e5 14.Nxb5 axb5 15.Bc3 Qb6 16.Kf1 O-O
17.Nd3 d5 18.Bb4 Rfe8 19.Nf2 Nc5 20.Nd3 Ne6 21.Nf2 Nf4 22.Qe1 dxe4 23.fxe4 Nc6
24.Rc1 Nd4 25.Bd1 Qc6 26.Rg3 Qc4+ 27.Nd3 Nxd3 28.Rxd3 Nb3 29.Be2 Nxc1 30.Qxc1 Qxe4
31.Rf3 Rac8 32.c3 Rcd8 33.Qe1 Rd3 34.Rg3 Rxg3 35.Qxg3 Qb1+ 36.Kf2 e4 37.Bxb5 e3+  0-1

[Event "ZMD Open"]
[Site "Dresden GER"]
[Date "2008.07.22"]
[Round "4"]
[White "Naumann,A"]
[Black "Roesemann,R"]
[Result "1-0"]
[WhiteElo "2502"]
[BlackElo "2226"]

1.d4 g6 2.e4 Bg7 3.Nc3 c5 4.dxc5 Qa5 5.Bd2 Qxc5 6.Nd5 b6 7.Bb4 Qc6 8.Nf3 Ba6
9.Nd4 Qb7 10.Bb5 Nf6 11.c4 Nxd5 12.exd5 Bxb5 13.Nxb5 a6 14.Bc3 O-O 15.Bxg7 Kxg7
16.Qd4+ Kg8 17.Nc3 d6 18.O-O Nd7 19.Rfe1 Rfe8 20.a4 Qc7 21.Re3 Qc5 22.Qh4 Ne5
23.b3 b5 24.Ne4 Qb6 25.c5 Qd8 26.cxd6 Nd7 27.dxe7 Rxe7 28.Rae1 Rc8 29.axb5 axb5
30.h3 Kg7 31.Qg3 Rc2 32.Qd6 Re8 33.Qb4 Qb6 34.Nd6 Rxe3 35.Rxe3 Nf6 36.Qf4 Rc7
37.Qe5 Rc1+ 38.Kh2 Qd8 39.Rf3 Re1 40.Qxe1 Qxd6+ 41.g3 Nxd5 42.Rd3 Qc5  1-0

[Event "83rd ch-ARG s/f"]
[Site "Buenos Aires ARG"]
[Date "2008.07.24"]
[Round "4"]
[White "Scarzello,A"]
[Black "Ruiz,F"]
[Result "1-0"]
[WhiteElo "2050"]
[BlackElo "1921"]

1.e4 g6 2.d4 Bg7 3.Nc3 Nc6 4.Be3 d5 5.exd5 Nb4 6.Bb5+ Bd7 7.Bc4 Bf5 8.Bb3 Nf6
9.Qe2 O-O 10.Nf3 Nbxd5 11.Nxd5 Nxd5 12.O-O Nxe3 13.fxe3 c5 14.c3 cxd4 15.exd4 Bf6
16.Rae1 a5 17.Ne5 Qb6 18.Rxf5 gxf5 19.Nd7 Qd6 20.Nxf8 Rxf8 21.Qf3 e6 22.Qxb7 a4
23.Bxa4 Rb8 24.Qf3 Bxd4+ 25.cxd4 Qxd4+ 26.Kh1 Rxb2 27.Bb3 Rf2 28.Qg3+ Kf8
29.h3 f4 30.Qh4 Qb2 31.Qh6+ Ke8 32.Bxe6 fxe6 33.Qxe6+  1-0

[Event "Politiken Cup"]
[Site "Helsingor DEN"]
[Date "2008.07.24"]
[Round "7"]
[White "Skovgaard,Pe2"]
[Black "Van der Grinten,B"]
[Result "1-0"]
[WhiteElo "2255"]
[BlackElo "1921"]

1.e4 g6 2.d4 Bg7 3.Nc3 d5 4.exd5 Nf6 5.Bb5+ Nbd7 6.Nf3 O-O 7.O-O Nb6 8.h3 Nbxd5
9.Ne2 a6 10.Bd3 Nb4 11.Bc4 b5 12.Bb3 Bb7 13.Ne5 c5 14.dxc5 Qc7 15.a3 Qxe5
16.axb4 Qe4 17.f3 Qxb4 18.Be3 Rfd8 19.Qe1 Qxe1 20.Rfxe1 Nd7 21.c3 Ne5 22.Red1 Nc4
23.Rxd8+ Rxd8 24.Bxc4 bxc4 25.Ra4 Rd1+ 26.Kf2 Bf6 27.Rxc4 Bc6 28.Rb4 Be5
29.Rb6 Bb5 30.f4 Bc7 31.Rb7 Rd7 32.Ra7 Kg7 33.Nd4 Bb8 34.Ra8 Ba7 35.c6 Rc7
36.Rxa7  1-0

[Event "Stara Pazova"]
[Site "Stara Pazova SRB"]
[Date "2008.07.25"]
[Round "4"]
[White "Nestorovic,N"]
[Black "Popchev,M"]
[Result "0-1"]
[WhiteElo "2422"]
[BlackElo "2410"]

1.e4 g6 2.d4 Bg7 3.Nc3 Nc6 4.Be3 d5 5.Nf3 dxe4 6.Nxe4 Nh6 7.d5 Nb4 8.Qd2 a5
9.a3 Qxd5 10.axb4 Qxe4 11.Bd3 Qe6 12.O-O-O O-O 13.Bxh6 axb4 14.Qe3 Bc3 15.bxc3 bxc3
16.Ba6 Qxe3+ 17.Bxe3 Rxa6 18.Kb1 Bh3 19.Nd4 Rb6+ 20.Nb3 Rxb3+ 21.cxb3 Bf5+
22.Kc1 Ra8  0-1

[Event "Politiken Cup"]
[Site "Helsingor DEN"]
[Date "2008.07.26"]
[Round "9"]
[White "Schmied,A"]
[Black "Van der Grinten,B"]
[Result "1-0"]
[WhiteElo "2089"]
[BlackElo "1921"]

1.e4 g6 2.d4 Bg7 3.Nc3 d5 4.exd5 Nf6 5.Bc4 Nbd7 6.Bg5 O-O 7.Bb3 Nb6 8.Bxf6 Bxf6
9.Nge2 c6 10.dxc6 bxc6 11.Ne4 Bg7 12.O-O a5 13.c3 a4 14.Bc2 Nc4 15.Qc1 Qb6
16.b3 axb3 17.axb3 Rxa1 18.Qxa1 Na5 19.b4 Nc4 20.Bd3 Nd6 21.Qa4 Nxe4 22.Bxe4 Ba6
23.Re1 Bb5 24.Qa2 Bxe2 25.Rxe2 e5 26.d5 cxd5 27.Bxd5 e4 28.Qc4 Qf6 29.Re3 Bh6
30.Rxe4 Bd2 31.Rd4 Re8 32.g3 Re1+ 33.Kg2 Bc1 34.Rd3 Re5 35.g4 g5 36.b5 Bf4
37.Be4 Qe7 38.Bf5 Re2 39.Rf3 Rb2 40.Qd3 Rd2 41.Bxh7+ Kg7 42.Qe4 Qc5 43.Qc6 Qa7
44.Be4 Qa1 45.Rh3 Rd6 46.Rh7+ Kf8 47.Qb7 Rf6 48.Qc8+ Ke7 49.Rh8 Rd6 50.Qe8+  1-0

[Event "Dutch Open"]
[Site "Dieren NED"]
[Date "2008.07.31"]
[Round "9"]
[White "De Groote,E"]
[Black "Haast,M"]
[Result "1/2-1/2"]
[WhiteElo "2251"]
[BlackElo "2089"]

1.e4 g6 2.d4 Bg7 3.Nc3 d5 4.Nf3 dxe4 5.Nxe4 Nd7 6.Bd3 Ngf6 7.Nxf6+ Nxf6 8.h3 c5
9.dxc5 Qa5+ 10.Bd2 Qxc5 11.Bc3 O-O 12.O-O Rd8 13.Qe2 Be6 14.a3 Bh6 15.Rfe1 Bf4
16.Qf1 Qb6 17.a4 Rac8 18.a5 Qd6 19.a6 b6 20.g3 Bd5 21.Be5 Bxe5 22.Nxe5 Nd7
23.Nxd7 Rxd7 24.Rad1 Qc7 25.Qe2 Ba8 26.Bb5 Rxd1 27.Rxd1 Qc5 28.Rd7 e6 29.Qd3 Qg5
30.Kh2 Qf6 31.Kg1 Qg5 32.Kh2 Qf6 33.Kg1 Qg5  1/2-1/2

[Event "Arctic Chess Challenge"]
[Site "Tromso NOR"]
[Date "2008.08.03"]
[Round "2"]
[White "Getz,N"]
[Black "Tiller,B"]
[Result "1/2-1/2"]
[WhiteElo "2111"]
[BlackElo "2374"]

1.e4 g6 2.d4 Bg7 3.Nc3 a6 4.a4 b6 5.g3 Bb7 6.Bg2 e6 7.Nge2 Ne7 8.O-O d6 9.Be3 Nd7
10.Qd2 h6 11.f4 O-O 12.h3 f5 13.d5 fxe4 14.Bxe4 Nf6 15.Qd3 Nxe4 16.Qxe4 exd5
17.Qe6+ Kh7 18.Bd4 Bc8 19.Qe3 Nf5 20.Qf2 Nxd4 21.Nxd4 c5 22.Nf3 Bxh3 23.Rfe1 Rf5
24.Qh2 Rh5 25.Nxd5 Bg4 26.Qg2 Rxd5 27.Nh2 Bd4+ 28.Kf1 Rf5 29.Nxg4 Ra7 30.c3 Bg7
31.Ne3 Rf8 32.Nd5 Raf7 33.Qe4 Qc8 34.Kg2 Qg4 35.Qe6 Qh5 36.g4 Qh4 37.Rh1 Qd8
38.Kg3 Qd7 39.Rhe1 Qb7  1/2-1/2

[Event "Arctic Chess Challenge"]
[Site "Tromso NOR"]
[Date "2008.08.05"]
[Round "4"]
[White "Sowray,P"]
[Black "Tiller,B"]
[Result "1-0"]
[WhiteElo "2327"]
[BlackElo "2374"]

1.d4 g6 2.e4 Bg7 3.Nc3 a6 4.Bg5 c5 5.dxc5 Qa5 6.Bd2 Qxc5 7.Nd5 b5 8.Be3 Qc6
9.Bd4 e5 10.Bb6 Bb7 11.Nc7+ Ke7 12.Nxa8 Bxa8 13.Ba7 Nf6 14.f3 d5 15.exd5 Nxd5
16.Qd2 h5 17.Bd3 Bh6 18.Qe2 Nd7 19.Nh3 Qc7 20.Qf2 Rc8 21.O-O Kf8 22.Rad1 f5
23.Rfe1 Kg7 24.Kh1 N7f6 25.c3 Kh7 26.a3 e4 27.fxe4 fxe4 28.Bxe4 Nxe4 29.Rxe4 Nxc3
30.Re6 Nxd1 31.Qf6 Bg7 32.Re7 Bxg2+ 33.Kxg2 Qc6+ 34.Qxc6 Rxc6 35.Bd4 Rd6
36.Bxg7  1-0

[Event "95th ch-GBR"]
[Site "Liverpool ENG"]
[Date "2008.08.06"]
[Round "9"]
[White "Pert,R"]
[Black "Venkataramanan,T"]
[Result "1/2-1/2"]
[WhiteElo "2468"]
[BlackElo "2247"]

1.d4 g6 2.e4 Bg7 3.Nc3 c5 4.dxc5 Qa5 5.Bd2 Qxc5 6.Nd5 b6 7.Bb4 Qc6 8.Bb5 Qb7
9.Qf3 Nc6 10.Bc3 Kf8 11.Nh3 Nd4 12.Bxd4 Bxd4 13.O-O-O Be5 14.Qe3 d6 15.f4 Bg7
16.Ng5 Bg4 17.Rd2 Rc8 18.h3 Be6 19.Nxe6+ fxe6 20.Nb4 Rc5 21.Ba6 Qd7 22.Kb1 Nf6
23.Rhd1 Ne8 24.a3 Nc7 25.Be2 Kf7 26.Nd3 Ra5 27.Ne5+ Rxe5 28.fxe5 Bxe5 29.Qh6 Nb5
30.Rf1+ Ke8 31.Qe3 Qc6 32.Qb3 Nc7 33.Qc4 Qc5 34.Qa4+ b5 35.Qb4 Qxb4 36.axb4 h5
37.c3 Kd7 38.Kc2 Kc6 39.Rdd1 Rc8 40.g4 hxg4 41.Bxg4 Bf6 42.Rd2 Kd7 43.Ra1 a6
44.Rf2 Ra8 45.Kd3 Rc8 46.Rff1 Ra8 47.Ra2 Kc6 48.b3 Rd8 49.Re2 Kd7 50.c4 Be5
51.Rc2 Rb8 52.Rb1  1/2-1/2

[Event "Arctic Chess Challenge"]
[Site "Tromso NOR"]
[Date "2008.08.09"]
[Round "8"]
[White "Royset,P"]
[Black "Tiller,B"]
[Result "0-1"]
[WhiteElo "2234"]
[BlackElo "2374"]

1.e4 g6 2.d4 Bg7 3.Nc3 a6 4.Bc4 b5 5.Bd5 c6 6.Bb3 d6 7.Bg5 Qb6 8.Qf3 e6 9.Nge2 c5
10.dxc5 dxc5 11.O-O-O Nd7 12.e5 Bb7 13.Ne4 Nxe5 14.Qe3 Bxe4 15.Qxe4 Qc6 16.Bd5 exd5
17.Rxd5 Ne7 18.Bxe7 f5 19.Qxe5 Bxe5 20.Rxe5 Kf7 21.Nf4 Rhe8 22.Rhe1 c4 23.Nd5 Ra7
24.f3 Rd7 25.Nb4 Qb7  0-1

[Event "Najdorf Memorial Open"]
[Site "Warsaw POL"]
[Date "2008.08.09"]
[Round "8"]
[White "Kadziolka,B"]
[Black "Zaninotto,F"]
[Result "1-0"]
[WhiteElo "2313"]
[BlackElo "2184"]

1.e4 c5 2.Nc3 g6 3.d4 Bg7 4.dxc5 Bxc3+ 5.bxc3 Qa5 6.Qd4 Nf6 7.Qb4 Qc7 8.Nf3 b6
9.cxb6 axb6 10.Be3 Ra4 11.Qb3 O-O 12.Bd3 Nxe4 13.Qxa4 Qxc3+ 14.Ke2 Qxa1 15.Qxe4 Qxh1
16.Qxe7 Nc6 17.Qf6 Re8 18.Bc4 Nd8 19.Ne5 d5 20.Bxd5 Ba6+ 21.Kd2  1-0

[Event "Arctic Chess Challenge"]
[Site "Tromso NOR"]
[Date "2008.08.10"]
[Round "9"]
[White "Agdestein,S"]
[Black "Tiller,B"]
[Result "1-0"]
[WhiteElo "2583"]
[BlackElo "2374"]

1.d4 g6 2.e4 Bg7 3.Nc3 a6 4.f4 b5 5.Nf3 Bb7 6.Bd3 e6 7.O-O Nc6 8.e5 f5 9.a4 b4
10.Na2 Nge7 11.a5 d6 12.Qe2 dxe5 13.dxe5 b3 14.cxb3 Nxa5 15.Rd1 Nd5 16.Bc4 O-O
17.Qe1 c6 18.Bd2 Nxb3 19.Bxb3 Qb6+ 20.Qf2 Qxb3 21.Nd4 Qb6 22.Nxe6 Qxf2+ 23.Kxf2 Rfe8
24.Nxg7 Kxg7 25.Nc1 c5 26.Nb3 Rac8 27.Rac1 Bc6 28.Nxc5 Bb5 29.g3 Rc6 30.Ba5 Nb6
31.Rd6 Na4 32.Ne6+ Rxe6 33.Rcxc6  1-0

[Event "Petrovskaya Ladya IM"]
[Site "Peterhof RUS"]
[Date "2008.08.13"]
[Round "2"]
[White "Moiseenko,Va"]
[Black "Solovjov,S"]
[Result "1-0"]
[WhiteElo "2225"]
[BlackElo "2434"]

1.e4 g6 2.d4 Bg7 3.Nc3 c5 4.dxc5 Qa5 5.Bd2 Qxc5 6.Nd5 Na6 7.Nf3 e6 8.Bc3 Bxc3+
9.Nxc3 Nf6 10.Bd3 d6 11.O-O O-O 12.Qd2 Kg7 13.e5 dxe5 14.Qg5 h6 15.Qxe5 Qxe5
16.Nxe5 Nc5 17.Be2 b6 18.b4 Nce4 19.Nxe4 Nxe4 20.Bf3 Bb7 21.Rfe1 f5 22.c4 Rfd8
23.Bxe4 Bxe4 24.f3 Bb7 25.Re2 Rd4 26.a4 Rad8 27.a5 Rd1+ 28.Rxd1 Rxd1+ 29.Kf2 bxa5
30.Ra2 Kf6 31.Rxa5 Rd2+ 32.Ke3 Rxg2 33.Nd7+ Kg5 34.f4+ Kh4 35.Rxa7 Be4 36.Ne5 Rb2
37.Rh7 Kh5 38.Nf7 Rb3+ 39.Kd4 Kg4 40.Rxh6 Rxb4 41.Ke5 Rxc4 42.Rxg6+ Kf3 43.Ng5+ Kf2
44.Nxe6 Bd3 45.h4 Re4+ 46.Kf6 Bc4 47.Kxf5 Bd3 48.h5 Re1+ 49.Kf6 Rh1 50.Rg5 Kf3
51.f5 Bc4 52.Kg6 Re1 53.h6 Bd3 54.h7  1-0

[Event "Acropolis Open"]
[Site "Athens GRE"]
[Date "2008.08.16"]
[Round "8"]
[White "Karlovich,A"]
[Black "Sandu,Mi"]
[Result "1/2-1/2"]
[WhiteElo "2242"]
[BlackElo "2288"]

1.e4 g6 2.d4 Bg7 3.Nc3 a6 4.a4 d6 5.g3 Nc6 6.Be3 Nf6 7.h3 O-O 8.Nge2 e5 9.Bg2 Rb8
10.O-O Bd7 11.Qd2 exd4 12.Nxd4 Ne5 13.Qe2 Re8  1/2-1/2

[Event "BDO Challenger"]
[Site "Haarlem NED"]
[Date "2008.08.16"]
[Round "8"]
[White "Croese,C"]
[Black "De Groot,M"]
[Result "1/2-1/2"]
[WhiteElo "2363"]
[BlackElo "2157"]

1.e4 g6 2.d4 Bg7 3.Nc3 c5 4.Nf3 cxd4 5.Nxd4 Nc6 6.Nde2 Nf6 7.g3 b5 8.Bg2 Ng4
9.O-O Rb8 10.h3 Nge5 11.f4 Nc4 12.Kh1 Qa5 13.e5 O-O 14.b3 Na3 15.Nd5 d6 16.exd6 exd6
17.c3 Bf5 18.Ne3 Bd7 19.Qxd6 Rfd8 20.Qxa3 Qxa3 21.Bxa3 b4 22.Bb2 Re8 23.Rf3 bxc3
24.Bxc3 Bxc3 25.Nxc3 Nd4 26.Ned5 Nxf3 27.Nf6+ Kg7 28.Nxe8+ Rxe8 29.Rd1 Bc6
30.Rf1 Re3 31.Nd1 Rd3 32.Nb2 Rc3 33.Nd1 Rd3 34.Nf2 Rc3 35.Nd1  1/2-1/2

[Event "Independence Cup A"]
[Site "Kyiv UKR"]
[Date "2008.08.17"]
[Round "5"]
[White "Khaetsky,R"]
[Black "Nogin,N"]
[Result "1-0"]
[WhiteElo "2400"]
[BlackElo "2305"]

1.e4 c5 2.Nc3 g6 3.d4 Bg7 4.dxc5 Nc6 5.Be3 Qa5 6.Ne2 Nf6 7.f3 b6 8.cxb6 axb6
9.Nd4 Nxd4 10.Qxd4 O-O 11.Qxb6 Qxb6 12.Bxb6 Rb8 13.Bd4 Rxb2 14.Bd3 d6 15.Ne2 Rb8
16.O-O Nd7 17.Rfb1 Ra8 18.a4 Nc5 19.a5 Nxd3 20.Bxg7 Kxg7 21.cxd3 Ba6 22.Ra3 e5
23.Kf2 Rfd8 24.Rb6 d5 25.Ke3 f5 26.Re6 dxe4 27.fxe4 fxe4 28.dxe4 Rd1 29.Rxe5 Re1
30.Ra2 Rb8 31.Kf2 Rd1 32.Re7+ Kh6 33.Ra7 Bc4 34.Rc2 Bd3 35.Ra2 Rb3 36.Rc7 Bxe2
37.Rxe2 Ra1 38.Ra7 Rb5 39.e5 Rbxa5 40.Rf7 R1a2 41.Rxa2 Rxa2+ 42.Kf3 Ra3+
43.Ke4 Ra2 44.e6 Rxg2 45.e7 Re2+ 46.Kd5 Kg5 47.h4+ Kg4 48.Rxh7 g5 49.h5 Kh4
50.Kd6 g4 51.Rh8 Rd2+ 52.Ke6 Re2+ 53.Kf6 Rf2+ 54.Kg6 g3 55.e8=Q  1-0

[Event "5th DA Tan Malaysian Open"]
[Site "Kuala Lumpur MAS"]
[Date "2008.08.19"]
[Round "3"]
[White "Mok Tze Meng"]
[Black "Bennett,H"]
[Result "1-0"]
[WhiteElo "2308"]
[BlackElo "2043"]

1.e4 g6 2.d4 Bg7 3.Nc3 d5 4.Nxd5 c6 5.Ne3 Qxd4 6.Qxd4 Bxd4 7.Nf3 Bg7 8.Bc4 Nf6
9.Ng5 e6 10.e5 Nd5 11.f4 b5 12.Bb3 Nxf4 13.Rf1 Bxe5 14.Ng4 Nxg2+ 15.Kf2 Nh4
16.Nxe5 f6 17.Nef7 Rf8 18.Nd6+ Ke7 19.Nxc8+ Rxc8 20.Nxe6 Nd7 21.Re1 Ne5 22.Rxe5  1-0

[Event "8th Savaria Summer GM"]
[Site "Szombathely HUN"]
[Date "2008.08.20"]
[Round "7"]
[White "Vovk,Y"]
[Black "Czebe,A"]
[Result "0-1"]
[WhiteElo "2549"]
[BlackElo "2480"]

1.e4 g6 2.d4 Bg7 3.Nc3 a6 4.f4 b5 5.Nf3 Bb7 6.Bd3 d6 7.a4 b4 8.Ne2 Nf6 9.Ng3 c5
10.dxc5 dxc5 11.e5 Nd5 12.Ne4 Qc7 13.Qe2 O-O 14.O-O Nc6 15.Qf2 Nd4 16.Nxd4 cxd4
17.Qxd4 Rac8 18.Qf2 f6 19.exf6 Nxf6 20.Nxf6+ Bxf6 21.Rb1 Qc6 22.Be3 Qxa4
23.f5 g5 24.b3 Qc6 25.Bc4+ Kh8 26.Rbe1 Rfd8 27.Re2 Rd6 28.Qg3 h6 29.Qh3 Kg7
30.Qh5 Qe8 31.Qxe8 Rxe8 32.Bc5 Red8 33.Bxd6 Rxd6 34.Rfe1 Kf8 35.Re6 Rd2 36.R1e2 Rd1+
37.Kf2 Bc8 38.Rc6 Bxf5 39.Be6 Bxe6 40.Rcxe6 a5 41.Ra6 Rd5 42.g4 Kf7 43.Kf3 Rc5
44.h3 Rc3+ 45.Re3 Rc5 46.Ke4 Re5+ 47.Kd3 Rc5 48.Kd2 Be5 49.Rd3 Bf6 50.Kd1 Kg6
51.Re3 Kf7 52.Re4 Rd5+ 53.Ke2 Rc5 54.Rc4 Re5+ 55.Kf3 Rd5 56.Rac6 Rd8 57.R6c5 Ra8
58.Rb5 Bc3 59.Rc6 a4 60.bxa4 Rxa4 61.Rxh6 Bf6 62.h4 Ra3+ 63.Ke2 gxh4 64.g5 Bc3
65.Rxh4 Ra1 66.Rb6 Re1+ 67.Kf3 Rg1 68.Rg4 Rf1+ 69.Ke4 Re1+ 70.Kd3 Rd1+ 71.Kc4 Rd2
72.Kb3 Re2 73.Rc6 Re3 74.Ka4 Re2 75.Kb3 Re3 76.Ka4 Re2 77.g6+ Kg7 78.Rc7 Re6
79.Kb5 Re5+ 80.Kc6 Re2 81.Kd5 Re5+ 82.Kc4 Re6 83.Kd3 Rd6+ 84.Ke3 Bf6 85.Rb7 Rc6
86.Rg2 Rc4 87.Rb5 Rh4 88.Rg3 Rc4 89.Kd2 Rd4+ 90.Kc1 Rh4 91.Rg1 Bc3 92.Kb1 Rh2
93.Rb7 Re2 94.Rb8 Re6 95.Ka2 Rxg6 96.Rg8+ Kxg8 97.Rxg6+ Kf7 98.Rb6 e6 99.Kb3 Kf6
100.Kc4 Kf5 101.Ra6 e5 102.Kd5 Kf4 103.Rh6 Kf3 104.Rh4 Ke3 105.Rh2 Kf3 106.Rh3+ Ke2
107.Rd3 Kf2 108.Ke4 Ke2 109.Rh3 Kd2 110.Rh2+ Kc1 111.Kd3 Kb2 112.Kc4 e4 113.Re2 e3
114.Kd3 Bd2 115.Rg2 Kb1 116.Rg8 Kc1 117.Re8 Kd1 118.Re6 Bc1 119.Rg6 e2 120.Rg1+ e1=Q
121.Rxe1+ Kxe1 122.c4 Kd1 123.c5 b3  0-1

[Event "XIII Konik Morski Open A"]
[Site "Rewal POL"]
[Date "2008.08.21"]
[Round "2"]
[White "Demidowicz,M"]
[Black "Wieczorek,Z"]
[Result "0-1"]
[WhiteElo "2032"]
[BlackElo "2317"]

1.e4 g6 2.d4 Bg7 3.Nc3 a6 4.Be3 b5 5.Qd2 Bb7 6.f3 d6 7.O-O-O Nd7 8.Kb1 Rc8
9.h4 h5 10.Nh3 c5 11.dxc5 Nxc5 12.Bd4 Nf6 13.Ng5 Ncd7 14.Bd3 Qa5 15.Rhf1 Qb4
16.Ne2 Qxd2 17.Rxd2 O-O 18.b3 Nc5 19.Bb2 Bh6 20.Ng3 Rfd8 21.Re2 Nxd3 22.cxd3 b4
23.Rff2 a5 24.Nf1 Ba6 25.Rd2 Nd7 26.f4 Nc5 27.Rf3 f6 28.Nh3 d5 29.e5 d4 30.exf6 exf6
31.Ng3 a4 32.Ne4 axb3 33.Nxf6+ Kg7 34.Ne4 Na4 35.axb3 Nc3+ 36.Ka1 Bb7 37.Bxc3 dxc3
38.Re2 Bxe4  0-1

[Event "Open A"]
[Site "Graz SUI"]
[Date "2008.09.04"]
[Round "6"]
[White "Wallner,D"]
[Black "Aschenbrenner,R"]
[Result "0-1"]
[WhiteElo "2128"]
[BlackElo "2278"]

1.d4 g6 2.e4 Bg7 3.Nc3 c5 4.Nf3 cxd4 5.Nxd4 d6 6.Be2 Nf6 7.O-O a6 8.a4 b6
9.Bg5 Bb7 10.Bf3 Nbd7 11.Nd5 h6 12.Bh4 Rc8 13.Re1 e5 14.Bxf6 Nxf6 15.Nxf6+ Bxf6
16.Ne2 O-O 17.Nc3 Rc5 18.Ra3 Qc7 19.Re3 Qb8 20.Rd3 Be7 21.Rb3 Qc7 22.Be2 f5
23.exf5 gxf5 24.Rg3+ Kh7 25.Bd3 e4 26.Qh5 Rf6 27.Qe8 Bf8 28.Be2 Re5 29.Qh5 f4
30.Qh4 Qf7 31.Rg4 d5 32.Bf1 Rh5  0-1

[Event "3rd XtraCon EMT"]
[Site "Borup DEN"]
[Date "2008.09.12"]
[Round "6"]
[White "Gajic,Ml"]
[Black "Christensen,Bo"]
[Result "1-0"]
[WhiteElo "2135"]
[BlackElo "2247"]

1.e4 g6 2.d4 Bg7 3.Nc3 c5 4.dxc5 Qa5 5.Bd2 Qxc5 6.Nd5 Na6 7.Be3 Qa5+ 8.b4 Qd8
9.Bd4 f6 10.Qd2 e6 11.Ne3 Ne7 12.b5 Nb8 13.Bc5 d5 14.exd5 Nd7 15.Bb4 Nb6
16.c4 f5 17.Rd1 f4 18.Nc2 e5 19.d6 Nf5 20.c5 Na4 21.Qd5 Nb2 22.Rb1 e4 23.c6 a5
24.Rxb2 axb4 25.d7+ Bxd7 26.Bc4 Qe7 27.cxd7+ Kf8 28.Rb1 Bc3+ 29.Kf1 Rd8 30.Rd1 Kg7
31.Ne2 f3 32.gxf3 exf3 33.Nxc3 bxc3 34.Nd4 c2 35.Nxf5+ gxf5 36.Rg1+ Kf6 37.Qd4+  1-0

[Event "4th Pichay Cup"]
[Site "Manila PHI"]
[Date "2008.09.15"]
[Round "2"]
[White "Xu Tong"]
[Black "Wohl,A"]
[Result "1/2-1/2"]
[WhiteElo "2249"]
[BlackElo "2384"]

1.e4 g6 2.d4 Bg7 3.Nc3 a6 4.Be3 d6 5.f3 Nd7 6.Qd2 b5 7.Nge2 Bb7 8.Nc1 c5
9.Nb3 cxd4 10.Nxd4 Ngf6 11.Bh6 Bxh6 12.Qxh6 b4 13.Nce2 e5 14.Nb3 Qc7 15.O-O-O Ke7
16.Kb1 Rhc8 17.Qd2 a5 18.Ng3 Qb6 19.h4 a4 20.Nc1 Nc5 21.Qe3 Qc7 22.Qd2 a3
23.b3 Bxe4 24.Bc4 Bb7 25.Qxb4 d5 26.Bb5 d4 27.Bc4 Bd5 28.Nd3 Bxc4 29.Qxc4 Nxd3
30.Qxc7+ Rxc7 31.Rxd3 Nd5 32.c4 Nc3+ 33.Ka1 Rd8 34.Re1 f6 35.Ne2 Nxe2 36.Rxe2 Ke6
37.Kb1 h5 38.Kc2 f5 39.Rd1 Kf6 40.Kd3 Re8 41.Rde1 Rce7 42.f4 e4+ 43.Kxd4 Rd8+
44.Kc3 Red7 45.Kb4 Rd2 46.c5 Ke6 47.Kxa3 Ra8+ 48.Kb4 Raxa2 49.Rxd2 Rxd2 50.Rc1 Kd7
51.g3 Kc6 52.Kc4 e3 53.b4 e2 54.b5+ Kd7 55.Re1 Rc2+ 56.Kd5 Rd2+ 57.Kc4 Rc2+
58.Kd4 Rb2 59.Kc4  1/2-1/2

[Event "Chess City 10th Ann Open"]
[Site "Elista RUS"]
[Date "2008.09.19"]
[Round "6"]
[White "Strelnikov,S"]
[Black "Pilavov,G"]
[Result "1/2-1/2"]
[WhiteElo "2334"]
[BlackElo "2609"]

1.d4 g6 2.e4 Bg7 3.Nc3 a6 4.f4 d6 5.Nf3 Nd7 6.a4 b6 7.Bc4 e6 8.f5 Nf8 9.O-O h6
10.fxe6 Nxe6 11.Be3 Nf6 12.Qd3 O-O 13.Kh1 Ng4 14.Bg1 c5 15.d5 Nc7 16.Rab1 Qe8
17.b4 Ne5 18.Nxe5 Qxe5 19.bxc5 bxc5 20.Rb3 Kh7 21.h3 Qe7 22.Bh2  1/2-1/2